书目信息 |
| 题名: |
写作三论
|
|
| 作者: | 汤国铣 著 | |
| 分册: | ||
| 出版信息: | 北京 中国文史出版社 2021.05 |
|
| 页数: | 530页 | |
| 开本: | 24cm | |
| 丛书名: | ||
| 单 册: | ||
| 中图分类: | G633.342 | |
| 科图分类: | ||
| 主题词: | 作文课--教学研究--中小学 | |
| 电子资源: | ||
| ISBN: | 978-7-5205-2629-6 | |
| 000 | 00745nam0 2200229 450 | |
| 001 | 012001002525 | |
| 005 | 20141203155103.0 | |
| 010 | @a978-7-5205-2629-6@dCNY78.00 | |
| 100 | @a20220905d2021 em y0chiy50 ea | |
| 101 | 0 | @achi |
| 102 | @aCN@b110000 | |
| 105 | @ay z 000yy | |
| 106 | @ar | |
| 200 | 1 | @a写作三论@Axie zuo san lun@f汤国铣著 |
| 210 | @a北京@c中国文史出版社@d2021.05 | |
| 215 | @a530页@d24cm | |
| 330 | @a本书分为作文教学新论、文学创作散论、论写作是对话三篇,具体内容包括:中学作文教学随谈、对病句的征服、作文教学的方法、中学作文教学的着重点等。 | |
| 606 | 0 | @a作文课@x教学研究@x中小学 |
| 690 | @aG633.342@v5 | |
| 701 | 0 | @a汤国铣@Atang guo xi@4著 |
| 801 | 0 | @aCN@bAHXH@c20221111 |
| 905 | @b1372982-6@dG633.342@e1053@f5 | |
| 写作三论/汤国铣著.-北京:中国文史出版社,2021.05 |
| 530页;24cm |
| ISBN 978-7-5205-2629-6:CNY78.00 |
| 本书分为作文教学新论、文学创作散论、论写作是对话三篇,具体内容包括:中学作文教学随谈、对病句的征服、作文教学的方法、中学作文教学的着重点等。 |
| ● |
| 相关链接 |
|
|
|
|
正题名:写作三论
索取号:G633.342/1053
 
预约/预借
| 序号 | 登录号 | 条形码 | 馆藏地/架位号 | 状态 | 备注 |
| 1 | 1372982 | 213729820 | 第一样本阅览室/ [索取号:G633.342/1053] | 在馆 | |
| 2 | 1372983 | 213729839 | 教育系资料室/ [索取号:G633.342/1053] | 在馆 | |
| 3 | 1372984 | 213729848 | 教育系资料室/ [索取号:G633.342/1053] | 在馆 | |
| 4 | 1372985 | 213729857 | 第四借阅区/ [索取号:G633.342/1053] | 在馆 | |
| 5 | 1372986 | 213729866 | 第四借阅区/ [索取号:G633.342/1053] | 在馆 |